Statistics for Noah Kahan - Paul Revere Lyrics

Click here to take the quiz!

General Stats

  • This quiz has been taken 125 times
  • The average score is 221 of 256

Answer Stats

Answer% Correct
a
100%
I
100%
me
100%
Paul
100%
Revere
100%
I'll
99%
"I'm
99%
I'm
99%
the
99%
The
99%
and
98%
And
98%
ask
98%
say
98%
they
98%
when
98%
am
96%
hear
96%
from
95%
here"
95%
not
95%
who
95%
around
94%
go
94%
it
94%
like
94%
to
94%
gonna
92%
my
89%
Ride
89%
clear
88%
in
88%
just
88%
its
87%
It's
87%
cut
85%
day
85%
didn't
85%
leave
85%
One
85%
pretend
85%
This
85%
house
84%
Until
84%
until
84%
we
84%
down
82%
had
82%
was
82%
where
82%
could
81%
heartbeat
81%
place
81%
already
80%
But
80%
fear
80%
fence
80%
If
80%
is
80%
Mailboxes
80%
never
80%
that
80%
up
80%
chain
79%
countin'
79%
left
79%
line
79%
makes
79%
see
79%
sense
79%
world
79%
would've
79%
behind
78%
car
78%
County
78%
disappear
78%
dog
78%
grass
78%
link
78%
of
78%
too
78%
buried
76%
Folks
76%
or
76%
Die"
75%
Free
75%
New
75%
then
75%
typical
75%
We'll
75%
yard
75%
"Live
74%
patch
74%
Year's
74%
clean
73%
drink
73%
music
73%
out
73%
proud
73%
road
73%
sun
73%
Before
72%
before
72%
high
72%
plates
72%
simple
72%
turn
72%
way
72%
ain't
71%
are
71%
boys
71%
let
71%
license
71%
looking
71%
nothing
71%
ready
71%
same
69%
forget
68%
joggers
68%
they'll
68%
those
68%
drunk
67%
mountains
67%
yet
67%
'til
66%
ends
65%
bought
64%
Yes
62%
crew's
61%
Vail
59%
Their
58%

Score Distribution

Percentile by Number Answered

Percent of People with Each Score

Your Score History

You have not taken this quiz